Nehemiah: (Record no. 3743)

000 -LEADER
fixed length control field 00835nam a2200229 a 4500
001 - CONTROL NUMBER
control field :::00001475$&:&@@
003 - CONTROL NUMBER IDENTIFIER
control field OkBaRHE
005 - DATE AND TIME OF LATEST TRANSACTION
control field 20000607103244.0
008 - FIXED-LENGTH DATA ELEMENTS--GENERAL INFORMATION
fixed length control field s1987 j 000 0 eng u
040 ## - CATALOGING SOURCE
Transcribing agency
100 1# - MAIN ENTRY--PERSONAL NAME
Personal name Campbell, Donald K.
245 10 - TITLE STATEMENT
Title Nehemiah:
Remainder of title man in charge.
260 ## - PUBLICATION, DISTRIBUTION, ETC. (IMPRINT)
Place of publication, distribution, etc Wheaton, IL., :
Name of publisher, distributor, etc Scripture Press Publications
Date of publication, distribution, etc 1987
300 ## - PHYSICAL DESCRIPTION
Extent 119 p. ;
Dimensions 20 cm.
650 ## - SUBJECT ADDED ENTRY--TOPICAL TERM
Topical term or geographic name as entry element Bible
General subdivision History
650 ## - SUBJECT ADDED ENTRY--TOPICAL TERM
Topical term or geographic name as entry element Bible Old Testament
General subdivision Biography
650 ## - SUBJECT ADDED ENTRY--TOPICAL TERM
Topical term or geographic name as entry element Leadership
650 ## - SUBJECT ADDED ENTRY--TOPICAL TERM
Topical term or geographic name as entry element Nehemiah
942 ## - ADDED ENTRY ELEMENTS (KOHA)
Source of classification or shelving scheme
Koha item type Books
Copies
Lost status Permanent Location Total Checkouts Date acquired Damaged status Withdrawn status Barcode Price effective from Current Location Date checked out Shelving location Copy number Source of classification or shelving scheme Koha item type Full call number Total Renewals Date last seen Not for loan
 RHEMA Bible Training College12010-04-14  14752010-04-14RHEMA Bible Training College2010-04-16General Stacks1 BooksBS 580 .N4C322010-12-01 
 RHEMA Bible Training College12010-04-14  155132010-04-14RHEMA Bible Training College2010-11-19General Stacks2 BooksBS 580 .N4C3 2012-01-10